[Event "Logumkloster-chC"]
[Site "Logumkloster"]
[Date "2016.04.19"]
[Round "2"]
[White "Kristensen, Karl Martin"]
[Black "Munksgaard, Aage"]
[Result "0-1"]
[WhiteElo "1575"]
[BlackElo "1230"]
[PlyCount "120"]
[EventDate "2016.04.12"]
[EventType "tourn"]
[EventRounds "5"]
[EventCountry "DEN"]
[SourceTitle "EXT 2023"]
[Source "ChessBase"]
[SourceDate "2022.10.05"]
[SourceVersion "1"]
[SourceVersionDate "2022.10.05"]
[SourceQuality "1"]

1. e4 e5 2. Nf3 d6 3. Bc4 h6 4. Nc3 Nf6 5. h3 Be7 6. d4 Nbd7 7. Be3 a6 8. d5 0-0 9. a3 Nc5 10. Nd2 Nh7 11. b4 Nd7 12. 0-0 Bg5 13. f4 exf4 14. Bxf4 Bxf4 15. Rxf4 Ne5 16. Bb3 Qg5 17. Rf2 Bxh3 18. Nf3 Nxf3+ 19. Qxf3 Bd7 20. Qf4 Rae8 21. Bc4 Qe5 22. Qxe5 Rxe5 23. Bd3 Ng5 24. Raf1 f6 25. Re1 Rfe8 26. Rf4 c6 27. Kf2 Kf8 28. Re3 cxd5 29. Nxd5 Bc6 30. c4 b5 31. Nc7 R8e7 32. Nd5 Re8 33. Nc7 Rc8 34. Nd5 bxc4 35. Bxc4 Bb5 36. Bxb5 axb5 37. Nc3 Rc4 38. Rd3 Ke7 39. Nd5+ Ke6 40. Re3 Nxe4+ 41. Rfxe4 Rcxe4 42. Nc7+ Kd7 43. Rxe4 Rxe4 44. Nxb5 Kc6 45. Na7+ Kd7 46. Kf3 Rc4 47. Nb5 d5 48. Ke3 g5 49. Kd3 h5 50. Nd4 h4 51. Nc2 g4 52. Ne3 Ke6 53. Nxc4 dxc4+ 54. Kxc4 h3 55. b5 h2 56. b6 Kd6 57. Kb5 h1Q 58. Ka6 Qh8 59. Ka7 Qc8 60. b7 Qc7 0-1

[Event "Logumkloster-chB"]
[Site "Logumkloster"]
[Date "2014.04.22"]
[Round "3"]
[White "Munksgaard, Aage"]
[Black "Jessen, Morten"]
[Result "0-1"]
[WhiteElo "1350"]
[BlackElo "1341"]
[PlyCount "122"]
[EventDate "2014.03.18"]
[EventType "tourn"]
[EventRounds "5"]
[EventCountry "DEN"]
[SourceTitle "EXT 2023"]
[Source "ChessBase"]
[SourceDate "2022.10.05"]
[SourceVersion "1"]
[SourceVersionDate "2022.10.05"]
[SourceQuality "1"]

1. d4 d5 2. e3 Nf6 3. h3 a6 4. Nf3 e6 5. Bd3 c5 6. c4 Nc6 7. b3 cxd4 8. exd4 dxc4 9. Bxc4 b5 10. Be2 Bb7 11. Bb2 Rc8 12. 0-0 Be7 13. Ne5 0-0 14. Nxc6 Bxc6 15. Bf3 Bxf3 16. Qxf3 Rc2 17. Bc1 Qxd4 18. Na3 Qxa1 19. Nxc2 Qxa2 20. Nd4 Qa5 21. Nc6 Qc7 22. Nxe7+ Qxe7 23. Qc6 Qb4 24. Qxa6 Qxb3 25. Qc6 Qd5 26. Qb6 Rc8 27. Be3 h6 28. Qa6 Ra8 29. Qb6 Nd7 30. Qc7 Ne5 31. Rb1 Nc4 32. Bc5 Nd2 33. Rc1 Nb3 34. Rc3 Nxc5 35. Rxc5 Qd1+ 36. Kh2 Rd8 37. Rxb5 Qd6+ 38. Qxd6 Rxd6 39. Kg3 Kh7 40. Rb7 Kg6 41. Rb3 f5 42. Kf4 Kf6 43. g3 g5+ 44. Kf3 h5 45. Ke2 g4 46. h4 Rd4 47. Ke3 Re4+ 48. Kd3 Ra4 49. Ke3 Ra2 50. Rb6 Ra5 51. Ke2 Ke5 52. Rb4 Kd5 53. Rf4 Ke5 54. Rb4 Ra2+ 55. Kf1 Rd2 56. Rb3 f4 57. Rb5+ Ke4 58. Rb4+ Rd4 59. Rxd4+ Kxd4 60. Ke2 f3+ 61. Kd2 e5 0-1

[Event "Logumkloster-chB"]
[Site "Logumkloster"]
[Date "2014.04.08"]
[Round "2"]
[White "Schmidt, Holger"]
[Black "Munksgaard, Aage"]
[Result "1-0"]
[WhiteElo "1351"]
[BlackElo "1350"]
[PlyCount "102"]
[EventDate "2014.03.18"]
[EventType "tourn"]
[EventRounds "5"]
[EventCountry "DEN"]
[SourceTitle "EXT 2023"]
[Source "ChessBase"]
[SourceDate "2022.10.05"]
[SourceVersion "1"]
[SourceVersionDate "2022.10.05"]
[SourceQuality "1"]

1. d4 d5 2. e3 a6 3. c4 Nf6 4. Nc3 e6 5. Nf3 Be7 6. Bd3 0-0 7. 0-0 c5 8. b3 cxd4 9. exd4 h6 10. Be3 Nc6 11. a3 dxc4 12. bxc4 Ng4 13. Be4 Nxe3 14. fxe3 Na5 15. Bc2 Kh8 16. Ne5 Qe8 17. Ba4 Nc6 18. d5 Bf6 19. Qh5 Bxe5 20. Bxc6 bxc6 21. Qxe5 cxd5 22. cxd5 exd5 23. Qxe8 Rxe8 24. Nxd5 Ra7 25. Rac1 f6 26. Rfe1 Re5 27. Rxc8+ Kh7 28. Nf4 Rae7 29. Rc3 g5 30. Nh5 Kg6 31. Ng3 f5 32. Rc6+ R7e6 33. Rxe6+ Rxe6 34. Kf2 h5 35. h3 h4 36. Nf1 Re4 37. Rd1 Ra4 38. Rd3 f4 39. exf4 Rxf4+ 40. Ke2 Ra4 41. Nh2 Re4+ 42. Re3 Ra4 43. Ng4 Ra5 44. Rf3 Kg7 45. Kd2 Rc5 46. Kd3 Rc6 47. Kd4 a5 48. Rf5 Rc2 49. Ne3 Rd2+ 50. Kc3 Re2 51. Kd3 Rb2 1-0

[Event "Logumkloster-chB"]
[Site "Logumkloster"]
[Date "2012.04.24"]
[Round "4"]
[White "Munksgaard, Aage"]
[Black "Jessen, Morten"]
[Result "1/2-1/2"]
[WhiteElo "1347"]
[BlackElo "1318"]
[PlyCount "59"]
[EventDate "2012.03.27"]
[EventType "swiss"]
[EventRounds "5"]
[EventCountry "DEN"]
[SourceTitle "EXT 2023"]
[Source "ChessBase"]
[SourceDate "2022.10.05"]
[SourceVersion "1"]
[SourceVersionDate "2022.10.05"]
[SourceQuality "1"]

1. e4 c5 2. Nc3 d6 3. Nf3 g6 4. b3 Bg7 5. Bb2 a6 6. Rb1 Nc6 7. h3 Nf6 8. Be2 0-0 9. 0-0 b5 10. d3 e6 11. a3 Bb7 12. Na2 a5 13. e5 dxe5 14. Nxe5 Nxe5 15. Bxe5 Rc8 16. Bf3 Ba6 17. Re1 Bh6 18. c4 b4 19. axb4 axb4 20. d4 Nd7 21. Bd6 Re8 22. dxc5 Nxc5 23. Nxb4 Bb7 24. Bxb7 Nxb7 25. Bg3 Bg7 26. Qf3 Qe7 27. Nc2 Nd6 28. Rbd1 Nf5 29. Be5 Bxe5 30. Rxe5 1/2-1/2

[Event "Logumkloster-chB"]
[Site "Logumkloster"]
[Date "2012.04.10"]
[Round "2"]
[White "Kristensen, Karl Martin"]
[Black "Munksgaard, Aage"]
[Result "1/2-1/2"]
[WhiteElo "1378"]
[BlackElo "1347"]
[PlyCount "65"]
[EventDate "2012.03.27"]
[EventType "swiss"]
[EventRounds "5"]
[EventCountry "DEN"]
[SourceTitle "EXT 2023"]
[Source "ChessBase"]
[SourceDate "2022.10.05"]
[SourceVersion "1"]
[SourceVersionDate "2022.10.05"]
[SourceQuality "1"]

1. c4 d6 2. e4 e5 3. Nc3 Nf6 4. Be2 Nc6 5. h3 Be7 6. d3 h6 7. Nf3 0-0 8. Be3 a6 9. Qd2 Kh7 10. g4 Ng8 11. Nd5 f6 12. d4 b6 13. Nh4 exd4 14. Bxd4 Nxd4 15. Qxd4 c5 16. Qd3 g5 17. e5+ f5 18. Nxe7 Nxe7 19. Nf3 dxe5 20. Nxe5 Qxd3 21. Bxd3 Kg7 22. f3 Bb7 23. Kf2 fxg4 24. hxg4 Rad8 25. Rad1 Rd4 26. Bf5 Nxf5 27. gxf5 Rxf5 28. Rxd4 cxd4 29. Re1 h5 30. Kg3 Kf6 31. Nd7+ Kf7 32. Ne5+ Kg8 33. b4 1/2-1/2

[Event "Logumkloster-chC"]
[Site "Logumkloster"]
[Date "2009.05.12"]
[Round "4"]
[White "Munksgaard, Aage"]
[Black "Kristensen, Karl Martin"]
[Result "1-0"]
[WhiteElo "1432"]
[BlackElo "1500"]
[PlyCount "107"]
[EventDate "2009.04.21"]
[EventType "tourn"]
[EventRounds "5"]
[EventCountry "DEN"]
[SourceTitle "EXT 2023"]
[Source "ChessBase"]
[SourceDate "2022.10.05"]
[SourceVersion "1"]
[SourceVersionDate "2022.10.05"]
[SourceQuality "1"]

1. e4 e5 2. Nf3 Nc6 3. Nc3 d6 4. h3 Be7 5. Bc4 Be6 6. Bb3 a6 7. d3 Qd7 8. Be3 Nf6 9. a3 h6 10. Nd5 Bd8 11. Qd2 Bxd5 12. exd5 Ne7 13. c4 c6 14. dxc6 Nxc6 15. 0-0 0-0 16. Ba4 Qe6 17. Qc2 Nh5 18. Rfe1 f5 19. Bb3 Kh8 20. Bd2 Qg6 21. Be3 Ne7 22. Qe2 f4 23. Bd2 Nf5 24. Qe4 Qf7 25. Qd5 Qxd5 26. cxd5 Bb6 27. Rf1 Nf6 28. Rfc1 e4 29. dxe4 Nxe4 30. Bxf4 Nxf2 31. Kh2 Nd3 32. Bg3 Nxc1 33. Rxc1 Rac8 34. Re1 Rfe8 35. Re6 Bc5 36. Bc2 Ne3 37. Bb3 Kg8 38. Kh1 Nf5 39. Bh2 Re7 40. g4 Rxe6 41. dxe6 Ne7 42. Nh4 Kf8 43. Ba2 Rc6 44. Nf3 d5 45. Ne5 Rxe6 46. Nd7+ Ke8 47. Nxc5 Re1+ 48. Kg2 Re2+ 49. Kg1 Rxb2 50. Bb3 d4 51. Be6 Nc6 52. Bd7+ Kd8 53. Bf5 Ra2 54. Be5 1-0